00316 a2200097 4500001001000000005001700010008004100027245003000068100002400098773009600122ART_1484620260410161614.0260409a 10aNo pierda el mejor puesto1 aGoldsmith, Marshall0 tHarvard Business ReviewgLíderes en transformación - Vol. 87, Nº 1 (ene. 2009)wREV340